000 00804nas a2200265 4500
001 BR9902306
003 BR-BrBNA
005 20231205101410.0
007 ta
008 230509b bl.|||p| |||| 00| 00por d
040 _aBR-BrBNA
_bpor
_cBiblioteca Nacional de Agricultura
041 _a(Pt)
072 _aF04
100 1 _aRodrigues, E.T.
100 1 _aCasali, V.W.D.
245 1 _aResposta da alface a adubacao organica; 2: teores, conteudos e utilizacao de macronutrientes em cultivares
650 _aAlface
650 _aVariedade
650 _aAdubacao
650 _aADUBO ORGÂNICO
650 _aMacroelemento
773 0 _tRevista Ceres (Brazil)
_xISSN 0034-737X
_g(Sep-Oct 1998), v. 45(261) p. 437-449
_wBR9902306
909 _a202311
_bLúcia
_c55
_dLúcia Elande
942 _2AGRIS
_n0
_cANA
999 _c161591
_d161591